Hydrology and the management of watersheds.

שמור ב:
מידע ביבליוגרפי
Main Authors: Brooks, Kenneth H (Author), Ffolliott, Peter F (Author), Magner, Joseph A (Author)
פורמט: לא ידוע
שפה:אנגלית
יצא לאור: Ames, Iowa, USA: John Wiley & Sons, 2013.
מהדורה:Fourth edition.
נושאים:
תגים: הוספת תג
אין תגיות, היה/י הראשונ/ה לתייג את הרשומה!

MARC

LEADER 00000 a2200000 4500
003 CL-VaPUC
005 20220616105109.0
008 220613b2013 ||||| |||| 00| 0 eng d
999 |c 434684  |d 434682 
020 |a 9780470963050 
040 |c Pontificia Universidad Católica de Valparaíso 
082 7 |a 627 BRO 2013  |2 22 
100 |a Brooks, Kenneth H  |9 866862  |e author 
245 |a Hydrology and the management of watersheds. 
250 |a Fourth edition.  
260 |a Ames, Iowa, USA:  |b John Wiley & Sons,   |c 2013. 
300 |a 533 páginas.  
583 |k Sebastián Perez  |c 20220613 
650 |a Manejo de cuencas  |9 870623 
650 |a Hidrología   |9 261396 
650 |a Cuencas  |9 870624 
700 |a Ffolliott, Peter F  |e author  |9 737588 
700 |a Magner, Joseph A  |e author  |9 737589 
942 |2 ddc  |c BK 
952 |0 0  |1 0  |2 ddc  |4 0  |6 627_000000000000000_BRO_2013  |7 0  |8 A  |9 583656  |a BIBAGR  |b BIBAGR  |c GEN  |d 2022-06-13  |e 74  |g 99598.00  |i 5651785  |o 627 BRO 2013  |p 5651785  |r 2025-01-20  |t 2  |v 99598.00  |w 2022-06-13  |y BK  |k AGR 
952 |0 0  |1 0  |2 ddc  |4 0  |6 627_000000000000000_BRO_2013  |7 0  |8 A  |9 583657  |a BIBAGR  |b BIBAGR  |c GEN  |d 2022-06-13  |e 74  |g 99598.00  |i 5651784  |o 627 BRO 2013  |p 5651784  |r 2025-01-20  |t 1  |v 99598.00  |w 2022-06-13  |y BK  |k AGR